Ariana Grande - All Album Tracks 2025 - Statistics

General Stats
  • This quiz has been taken 37 times
  • The average score is 74 of 122
Answer Stats
Hint Answer % Correct
10 7 rings
90%
8 ghostin
90%
14 pete davidson
86%
6 sweetener
86%
11 thank u, next
86%
6 bad idea
81%
2 blazed
81%
4 bloodline
81%
11 borderline
81%
5 Break Free
81%
3 NASA
81%
14 pov
81%
8 The Way
81%
2 34+35
76%
12 better off
76%
9 breathin
76%
2 Dangerous Woman
76%
8 everytime
76%
5 God is a woman
76%
1 Intro
76%
7 make up
76%
1 Moonlight
76%
2 needy
76%
10 no tears left to cry
76%
12 positions
76%
4 R.E.M
76%
5 Side To Side
76%
7 successful
76%
3 the light is coming
76%
13 Bang Bang
71%
3 Be Alright
71%
12 break up with your girlfriend, i'm bored
71%
5 fake smile
71%
15 get well soon
71%
13 goodnight n go
71%
1 imagine
71%
4 Into You
71%
3 motive
71%
2 bye
67%
5 eternal sunshine
67%
9 Everyday
67%
7 Greedy
67%
9 in my head
67%
12 My Everything
67%
8 my hair
67%
9 nasty
67%
3 One Last Time
67%
1 raindrops (an angel cried)
67%
3 Right There
67%
1 shut up
67%
6 supernatural
67%
4 Why Try
67%
9 yes, and?
67%
19 Hampstead
62%
6 Let Me Love You
62%
11 love language
62%
9 Love Me Harder
62%
5 off the table
62%
6 Piano
62%
11 Popular Song
62%
2 Problem
62%
6 six thirty
62%
16 test drive
62%
8 the boy is mine
62%
7 true story
62%
10 we can't be friends (wait for your love)
62%
2 Baby I
57%
7 Be My Baby
57%
6 Best Mistake
57%
17 dandelion
57%
3 don't wanna break up again
57%
1 Honeymoon Avenue
57%
12 imperfect for you
57%
1 intro (end of the world)
57%
4 just like magic
57%
13 ordinary things
57%
7 safety net
57%
4 Saturn Returns Interlude
57%
10 Sometimes
57%
13 Touch It
57%
15 twilight zone
57%
10 west side
57%
10 Almost Is Never Enough
52%
8 Break Your Heart Right Back
52%
11 i wish i hated you
52%
10 Just A Little Bit Of Your Heart
52%
14 Knew Better / Forever Boy
52%
13 obvious
52%
18 past life
52%
4 Tattooed Heart
52%
15 You Don't Know Me
52%
17 34+35 Remix
48%
16 Cadillac Song
48%
7 Daydreamin'
48%
11 Hands On Me
48%
11 I Don't Care
48%
17 Jason's Song (Gave It Away)
48%
8 Leave Me Lonely
48%
15 Thinking Bout You
48%
16 warm
48%
18 worst behavior
48%
12 Bad Decisions
43%
14 intro (end of the world) - extended
43%
1 Last Christmas
43%
5 Lovin' It
43%
19 main thing
43%
14 Only 1
43%
4 Santa Baby
43%
16 Step On Up
43%
17 Too Close
43%
9 You'll Never Know
43%
12 Better Left Unsaid
38%
3 December
38%
15 someone like u - interlude
38%
2 Love Is Everything
33%
3 Snow In California
33%
4 Not Just On Christmas
29%
6 Winter Things
29%
2 Wit It This Christmas
29%
5 True Love
24%
7 Santa Tell Me - Naughty Version
10%
No matching quizzes found
Score Distribution
Percent of People with Each Score
Percentile by Number Answered
Your Score History
You have not taken this quiz